Skład reprezentacji Polski na Mundialu 2018 - Statystyki

Ogólne statystyki
  • Ten quiz został rozwiązany 25 razy
  • Średni wynik to 17 z 23
Statystyki odpowiedzi
Nazwisko % Poprawnych
Arkadiusz Milik
100%
Piotr Zieliński
100%
Robert Lewandowski
100%
Wojciech Szczęsny
100%
Kamil Glik
95%
Kamil Grosicki
90%
Łukasz Fabiański
90%
Jakub Błaszczykowski
86%
Łukasz Piszczek
86%
Bartosz Bereszyński
81%
Grzegorz Krychowiak
81%
Łukasz Teodorczyk
81%
Michał Pazdan
81%
Artur Jędrzejczyk
76%
Jan Bednarek
76%
Karol Linetty
71%
Maciej Rybus
71%
Thiago Cionek
62%
Sławomir Peszko
52%
Bartosz Białkowski
48%
Dawid Kownacki
43%
Jacek Góralski
43%
Rafał Kurzawa
29%
Nie znaleziono quizów pasujących do podanych kryteriów
Rozkład punktacji
Procent ludzi z każdym wynikiem
Percentyl według liczby udzielonych odpowiedzi
Twoja historia wyników
Nie rozwiązałeś tego quizu